Hội họa thực hành
Saved in:
| Main Author: | |
|---|---|
| Format: | Book |
| Published: |
Cà Mau
Mũi Cà Mau
2008
|
| Subjects: | |
| Tags: |
Add Tag
No Tags, Be the first to tag this record!
|
| Institutions: | Trung tâm Học liệu Lê Vũ Hùng, Trường Đại học Đồng Tháp |
|---|
| LEADER | 00616pam a22002058a 4500 | ||
|---|---|---|---|
| 001 | 00037428 | ||
| 005 | 20171102101138.0 | ||
| 008 | 170512s2008 ||||||Viesd | ||
| 041 | 0 | # | |a Vie |
| 082 | 1 | 4 | |a 740 |b H452H |
| 100 | 1 | # | |a Việt Trung |
| 245 | 1 | 0 | |a Hội họa thực hành |c Việt Trung |
| 260 | # | # | |a Cà Mau |b Mũi Cà Mau |c 2008 |
| 300 | # | # | |a 126tr |c 20cm. |
| 653 | # | # | |a Hội họa |
| 653 | # | # | |a thực hành |
| 852 | # | # | |b Kho đọc |j KD.1000481 |
| 852 | # | # | |j KD.0021368 |j KM.0022023 |
| 910 | |d 12/05/2017 | ||
| 980 | # | # | |a Trung tâm Học liệu Lê Vũ Hùng, Trường Đại học Đồng Tháp |